<?xml version="1.0" encoding="UTF-8"?>
<record
    xmlns:xsi="http://www.w3.org/2001/XMLSchema-instance"
    xsi:schemaLocation="http://www.loc.gov/MARC21/slim http://www.loc.gov/standards/marcxml/schema/MARC21slim.xsd"
    xmlns="http://www.loc.gov/MARC21/slim">

  <leader>01237nam a22002297a 4500</leader>
  <controlfield tag="001">4979</controlfield>
  <controlfield tag="003">FISKH</controlfield>
  <controlfield tag="005">20241030111515.0</controlfield>
  <controlfield tag="008">241030b        cb ||||| |||| 00| 0 eng d</controlfield>
  <datafield tag="020" ind1=" " ind2=" ">
    <subfield code="a">9781526361820</subfield>
  </datafield>
  <datafield tag="040" ind1=" " ind2=" ">
    <subfield code="a">FISKH</subfield>
    <subfield code="b">eng</subfield>
    <subfield code="c">FISKH</subfield>
    <subfield code="d">FISKH</subfield>
  </datafield>
  <datafield tag="082" ind1=" " ind2=" ">
    <subfield code="a">302.23</subfield>
  </datafield>
  <datafield tag="100" ind1=" " ind2=" ">
    <subfield code="a">Vincent, Vincent</subfield>
  </datafield>
  <datafield tag="245" ind1=" " ind2=" ">
    <subfield code="a">Turn Off, Live On : </subfield>
    <subfield code="b"> 75 clever ways to switch offline, boost your confidence and unleash your creativity! /</subfield>
    <subfield code="c">by Vincent Vincent</subfield>
  </datafield>
  <datafield tag="250" ind1=" " ind2=" ">
    <subfield code="a">First published in 2019</subfield>
  </datafield>
  <datafield tag="260" ind1=" " ind2=" ">
    <subfield code="a">Wren &amp; Rook :</subfield>
    <subfield code="b">London ;</subfield>
    <subfield code="c">2019.</subfield>
  </datafield>
  <datafield tag="300" ind1=" " ind2=" ">
    <subfield code="a">159 pages : </subfield>
    <subfield code="b">illustrations ; </subfield>
    <subfield code="c">19 cm . </subfield>
  </datafield>
  <datafield tag="520" ind1=" " ind2=" ">
    <subfield code="a">Do you know someone who is addicted to their phone? Online life can be overwhelming - often leaving us feeling anxious or lacking in confidence. With 75 ways to switch offline, unleash your creativity, boost your brain cells and find your inner unicorn, this interactive journal is the ultimate remedy. Brimming with clever activities, mind-bending puzzles, life hacks and relaxation techniques, Turn Off, Live On will have you being more mindful, more confident and more you. So turn off the tech and start living in the here and now.</subfield>
  </datafield>
  <datafield tag="700" ind1=" " ind2=" ">
    <subfield code="a">Horsley, Laura </subfield>
    <subfield code="e">Senior Editor </subfield>
  </datafield>
  <datafield tag="942" ind1=" " ind2=" ">
    <subfield code="2">ddc</subfield>
    <subfield code="c">BK</subfield>
    <subfield code="n">0</subfield>
  </datafield>
  <datafield tag="999" ind1=" " ind2=" ">
    <subfield code="c">4979</subfield>
    <subfield code="d">4979</subfield>
  </datafield>
  <datafield tag="952" ind1=" " ind2=" ">
    <subfield code="0">0</subfield>
    <subfield code="1">0</subfield>
    <subfield code="2">ddc</subfield>
    <subfield code="4">0</subfield>
    <subfield code="7">0</subfield>
    <subfield code="8">NFIC</subfield>
    <subfield code="a">002</subfield>
    <subfield code="b">002</subfield>
    <subfield code="c">SNS</subfield>
    <subfield code="d">2024-10-30</subfield>
    <subfield code="l">0</subfield>
    <subfield code="o">VIN 302.23</subfield>
    <subfield code="p">FIS02019</subfield>
    <subfield code="r">2024-10-30 11:15:00</subfield>
    <subfield code="t">1</subfield>
    <subfield code="w">2024-10-30</subfield>
    <subfield code="y">BK</subfield>
    <subfield code="z">Fake ( 20.04.2026) </subfield>
  </datafield>
  <datafield tag="952" ind1=" " ind2=" ">
    <subfield code="0">0</subfield>
    <subfield code="1">0</subfield>
    <subfield code="2">ddc</subfield>
    <subfield code="4">0</subfield>
    <subfield code="7">0</subfield>
    <subfield code="8">NFIC</subfield>
    <subfield code="a">002</subfield>
    <subfield code="b">002</subfield>
    <subfield code="c">SNS</subfield>
    <subfield code="d">2024-10-30</subfield>
    <subfield code="l">0</subfield>
    <subfield code="o">VIN 302.23</subfield>
    <subfield code="p">FISSE02672</subfield>
    <subfield code="r">2024-11-05 12:15:00</subfield>
    <subfield code="t">2</subfield>
    <subfield code="w">2024-10-30</subfield>
    <subfield code="y">BK</subfield>
  </datafield>
</record>
